000 00873nam a2200265 a 4500
003 DO-SdBNP
005 20250115124320.0
007 ta
008 211005e2019 dr ||||e |||| 001 jdspa d
020 _a9789945503524
040 _aDO-SdBNP
_bspa
_cBNPHU
082 4 _222
_bS684ex
100 1 _aSolano Reyes, Edwin
_d1989 -
_980122
245 0 0 _aExpedición para cazar fantasmas. /
_cEdwin Solano Reyes.
260 _aSanto Domingo :
_bNacional,
_c2019
300 _a93 p. ;
_b20 cm.
490 _aPoesía
500 _aIncluye la biografía del autor en las cubiertas.
586 _aJoven de Poesía Feria del Libro 2018.
586 _aJurado: José Enrique Delmonte. César Sánchez Beras y Sally Rodríguez.
590 _aInventariado 2021 / MF
710 1 _aRepública Dominicana.
_bMinisterio de Cultura
_971794
830 _lPoesía
_980123
942 _2ddc
_cLBS1
999 _c50708
_d50708